Loga samochodów - Statystyki

Ogólne statystyki
  • Ten quiz został rozwiązany 3 589 razy
  • Średni wynik to 39 z 44
Statystyki odpowiedzi
Obrazkowy Odpowiedź % Poprawnych
BMW
99%
KIA
99%
Nissan
99%
Audi
98%
Ford
98%
Lamborghini
97%
Maserati
97%
Mercedes-Benz
97%
Porsche
97%
Dacia
96%
Ferrari
96%
Honda
96%
Land Rover
96%
Skoda
96%
Bugatti
95%
Fiat
95%
Jeep
95%
Lancia
95%
Opel
95%
Volvo
95%
Alfa Romeo
94%
Toyota
94%
Aston Martin
93%
Citroen
93%
Chrysler
92%
Mazda
92%
Rover
92%
Tesla
91%
Jaguar
90%
Suzuki
89%
Chevrolet
87%
Hyundai
86%
Seat
86%
Volkswagen
86%
Bentley
83%
Lexus
83%
Renault
83%
Mitsubishi
82%
Subaru
80%
Peugeot
78%
Dodge
62%
Infiniti
53%
Daewoo Lanos
52%
Cadillac
41%
Nie znaleziono quizów pasujących do podanych kryteriów
Rozkład punktacji
Procent ludzi z każdym wynikiem
Percentyl według liczby udzielonych odpowiedzi
Twoja historia wyników
Nie rozwiązałeś tego quizu